| 000 | 00462nam a2200169Ia 4500 | ||
|---|---|---|---|
| 008 | 131103s9999 xx 000 0 und d | ||
| 040 | _aLoreto College | ||
| 041 | _aEnglish | ||
| 082 |
_a842.08/LOG _bLCLIB/12509 |
||
| 245 |
_a3 great french plays _cSelected by Vernon Loggins |
||
| 260 |
_aNew York _bFawcett pub. _c1961 |
||
| 300 |
_a256p. _c 20cm. |
||
| 650 | _aFrench drama | ||
| 700 | _aLoggins, Vernon; slc. | ||
| 850 | _aLCLIB/842/LOG | ||
| 942 | _cBK | ||
| 999 |
_c24450 _d74929 |
||